000
00290nam a22001097a 4500
008
230621b xxu||||| |||| 00| 0 eng d
082
_a
328.3
_b
HOC 1998
245
_a
The House of Commons Commission
_b
Report for 1997-98
260
_b
House of Commons
_c
1998
300
_a
84p
942
_2
ddc
_c
BK
999
_c
2204
_d
2204